| 000 | 01282nam a22003137a 4500 | ||
|---|---|---|---|
| 999 |
_c28145 _d28116 |
||
| 003 | EG-ScBUE | ||
| 005 | 20200810121904.0 | ||
| 008 | 200218r20082006ii f 001 0 eng d | ||
| 020 | _a9788123913933 | ||
| 020 | _a8123913931 | ||
| 040 |
_aEG-ScBUE _beng _erda _cEG-ScBUE _dEG-ScBUE |
||
| 082 | 0 | 4 |
_a541 _bAGA _222 |
| 100 | 1 |
_aAgarwal, S. P., _eauthor. |
|
| 245 | 1 | 0 |
_aPhysical pharmacy : _bas per B. Pharm Syllabus of AICTE / _cDr. S. P. Agarwal, B. Pharm. (Pilani), M. Pharm. (B.H.U.), M.S., Ph.D. (Illinois), Department of Pharmaceutics, Faculty of Pharmacy, Jamia Hamdard (Hamdard University), New Delhi, Dr. Rajesh Khanna, M. Pharm., Ph.D. (Pharmaceutics), Debur Research Foundation, 22, site IV, Sahibabad, Ghaziabad, Uttar Pradesh. |
| 250 | _aSecond edition. | ||
| 250 | _aReprinted edition. | ||
| 264 | 1 |
_aNew Delhi : _bCBS Publishers & Distributors Pvt. Ltd., _c2008. |
|
| 300 |
_aix, 330 pages _c30 cm |
||
| 336 |
_2rdacontent _atext _btxt |
||
| 337 |
_2rdamedia _aunmediated _bn |
||
| 338 |
_2rdacarrier _avolume _bnc |
||
| 500 | _aIncludes index. | ||
| 650 | 7 |
_aChemistry, Pharmaceutical. _2BUEsh |
|
| 653 |
_bPPhrm _cFebruary2020 |
||
| 655 |
_vReading book _934232 |
||
| 700 | 1 |
_aKhanna, Rajesh, _eauthor. _938473 |
|
| 942 |
_2ddc _cBB |
||